000 00395nam a22001457a 4500
020 _qPB.
040 _cFIZZA ISHAQ
082 _a624.1762
_bANI
100 _aCHOPRA,K.ANIL.
245 _aDYNAMICS OF STRUCTURES THEORY AND APPLICATIONS TO EARTHQUAKE ENGINEERING /
_cANIL K.CHOPRA.
250 _a5TH EDITION.
260 _aNEW YORK ;
_bPEARSON,
_c2020.
300 _a960 P. ;
942 _2ddc
_cBK
999 _c593384
_d593384